Asia-Europe Border Quiz - Statistics

General Stats
  • This quiz has been taken 97 times
    89 since last reset
  • The average score is 11 of 20
Answer Stats
Hint Answer % Correct
Turkey
98%
Russia
96%
Georgia
89%
Countries on the Border Azerbaijan
79%
Seas on the Border Black Sea
77%
Major City on the Border Istanbul
71%
Sea to the South of the Border Mediterranean Sea
71%
Caspian Sea
70%
Kazakhstan
70%
Ural Mountains
70%
Country can be on either side of the border Cyprus
56%
Mountain Ranges on the border Caucasus Mountains
48%
Merged Continent with no Border Eurasia
43%
Straits on the Border Bosphorus
39%
Aegean Sea
31%
Sea of Marmara
25%
Disputed Countries on the Border Abkhazia
23%
Dardanelles
19%
South Ossetia
19%
Sea to the north of the border Barents Sea
8%
No matching quizzes found
Score Distribution
Percent of People with Each Score
Percentile by Number Answered
Your Score History
You have not taken this quiz since the last reset